000 00290nam a2200097Ia 4500
008 190216s9999||||xx |||||||||||||| ||und||
100 _aManorama Publication
245 0 _a"Manorama Year Book 1968,1985,1986,1990,1991,1992,1970,1971"
260 _bManorama Publishing House
_c1968
942 _cREF
999 _c35421
_d35421